Statistics for Word Addition Click Quiz #5

Click here to take the quiz!

General Stats

  • This quiz has been taken 4,055 times
    (4,045 since last reset)
  • The average score is 16 of 20

Answer Stats

HintAnswer% Correct
INVERSE
89%
APPLIED
88%
ANIMATED
88%
GRIMACE
87%
MOONLIT
87%
POLLUTE
86%
REBUKE
85%
DEVOUR
84%
SPARTAN
84%
CURTAIL
82%
PIGEON
82%
BULLETIN
82%
BARRACKS
80%
ORCHARD
76%
SCAMPI
75%
CONSTRUE
73%
HACKSAWN
71%
CARBUNCLE
71%
HOMESPUN
69%
READOPT
64%

Score Distribution

Percentile by Number Answered

Percent of People with Each Score

Your Score History

You have not taken this quiz since the last reset